000 00456nam a2200181Ia 4500
008 090124s9999 xx 000 0 und d
082 _b125897
100 _aसडेकर रामचंद्र
245 _a आग
250 _a2
260 _c1994
300 _a527
600 _aसडेकर रामचंद्र
630 _a आग
700 _aसडेकर रामचंद्र
730 _a आग
942 _cBOOK
999 _c171987
_d171987